Sports Quiz

Random Sports or Board Games Quiz

50-Point NFL Quarterbacks Quiz Stats

 Plays Quiz not verified by Sporcle

Score 0/120 Timer 10:00
0 Plays Today
Date Quarterback % Correct
09/27/2015Tom Brady
100%
09/30/2012Tom Brady
98.9%
11/18/2012Tom Brady
98.9%
09/28/2003Peyton Manning
98.8%
12/05/2004Peyton Manning
98.8%
10/28/2007Tom Brady
98.8%
11/18/2007Tom Brady
98.8%
10/18/2009Tom Brady
98.8%
11/03/2013Tom Brady
98.4%
10/26/2014Tom Brady
98%
12/09/2012Eli Manning
97.7%
09/29/2013Peyton Manning
96.9%
10/06/2013Peyton Manning
96.9%
12/08/2013Peyton Manning
96.8%
11/09/2014Aaron Rodgers
95.8%
11/16/2014Aaron Rodgers
95.8%
10/01/2000Kurt Warner
95.3%
10/09/2005Brett Favre
95.3%
09/28/2008Brett Favre
95.3%
01/10/2010*Kurt Warner
95.3%
12/08/1984Joe Montana
95%
01/28/1990*Joe Montana
95%
11/24/2008Drew Brees
95%
09/23/2007Donovan McNabb
94.6%
10/23/2011Drew Brees
94.4%
12/16/2007Philip Rivers
94.2%
12/28/2008Philip Rivers
94.2%
12/23/2012Aaron Rodgers
94.1%
12/23/1991Steve Young
93.8%
10/18/1992Steve Young
93.8%
12/19/1993Steve Young
93.8%
12/04/1994Steve Young
93.8%
09/03/1995Dan Marino
93.4%
11/01/2015Drew Brees
92.1%
11/15/2010Michael Vick
91.5%
11/04/2012Jay Cutler
90%
01/31/1993*Troy Aikman
89.9%
10/15/2017Drew Brees
89.5%
12/17/1972Ken Anderson
88.4%
11/06/1983Ken Anderson
88.4%
Date Quarterback % Correct
12/16/1984Ken Anderson
88.4%
12/24/2000Rich Gannon
88.4%
09/29/2002Rich Gannon
88.4%
09/16/2007Derek Anderson
88.4%
12/16/2012Russell Wilson
88.4%
09/18/2014Matt Ryan
88.2%
01/20/1991*Jim Kelly
88%
09/08/1991Jim Kelly
88%
10/23/2005Mark Brunell
88%
12/09/2012Russell Wilson
87.4%
12/15/2013Alex Smith
87.3%
11/11/2012Joe Flacco
86.5%
10/13/1974Fran Tarkenton
86.4%
11/28/2004Carson Palmer
86.4%
10/24/2004Trent Green
86%
10/26/2014Ben Roethlisberger
86%
12/22/2013Nick Foles
85.5%
12/20/1998Randall Cunningham
85.3%
10/07/1979Terry Bradshaw
84.9%
11/22/1981Dan Fouts
84.5%
12/20/1982Dan Fouts
84.5%
12/08/1985Boomer Esiason
84.5%
12/08/1985Dan Fouts
84.5%
09/07/1986Dan Fouts
84.5%
12/20/1986Phil Simms
84.5%
12/21/1986Boomer Esiason
84.5%
10/29/1989Boomer Esiason
84.5%
12/17/1989Boomer Esiason
84.5%
12/13/2015Blake Bortles
84.2%
12/04/1971Roger Staubach
83.7%
12/09/1990Warren Moon
82.9%
11/19/2017Philip Rivers
81.3%
11/24/1977Bob Griese
79.5%
12/07/2003Jeff Garcia
79.5%
01/01/1984*Joe Theismann
75.6%
11/05/2017Carson Wentz
75%
10/24/2010Jason Campbell
72.9%
10/31/1988Chris Chandler
72.1%
10/04/1998Chris Chandler
72.1%
11/10/1991Mark Rypien
71.7%
Date Quarterback % Correct
11/23/2008Trent Edwards
69.8%
10/14/1979Ken Stabler
68.6%
11/08/1981Ron Jaworski
66.3%
11/17/1985Ken O'Brien
65.9%
09/21/1986Ken O'Brien
65.9%
09/19/1999Brad Johnson
65.1%
09/10/1989Bernie Kosar
63.2%
10/01/2017Deshaun Watson
63.2%
10/12/1980Danny White
62.8%
11/27/1980Danny White
62.8%
11/27/1983Dave Krieg
62.8%
10/22/2000Elvis Grbac
62.8%
11/05/2017Jared Goff
62.5%
11/18/1984Tony Eason
58.9%
11/27/1997Scott Mitchell
58.9%
10/30/1977Jim Zorn
53.5%
11/16/1975Bert Jones
53.1%
12/12/1976Bert Jones
53.1%
10/29/1978Steve Grogan
53.1%
09/09/1979Steve Grogan
53.1%
11/18/1979Steve Grogan
53.1%
11/12/1972Earl Morrall
46.1%
12/20/1970Craig Morton
45%
01/15/2000*Jay Fiedler
44.6%
10/03/1976Joe Ferguson
44.2%
09/09/1979Joe Ferguson
44.2%
10/02/1983Lynn Dickey
41.9%
12/30/1995Rodney Peete
39.5%
12/08/2002Rodney Peete
39.5%
11/30/2014Shaun Hill
36.2%
09/21/1980Vince Ferragamo
35.7%
11/10/1996Tony Banks
31%
11/25/1984Mark Malone
30.2%
12/04/1976Pat Haden
17.4%
11/26/1972Norm Snead
17.1%
12/07/1980Vince Evans
11.2%
11/29/1987Gary Hogeboom
10.9%
10/18/1970Gary Cuozzo
7%
11/21/1976Bobby Douglass
7%
09/16/1973Dick Shiner
3.5%

You're not logged in!

Compare scores with friends on all Sporcle quizzes.
OR
Log In

Show Comments

Extras

Top Quizzes Today


Score Distribution

Your Account Isn't Verified!

In order to create a playlist on Sporcle, you need to verify the email address you used during registration. Go to your Sporcle Settings to finish the process.

Report this User

Report this user for behavior that violates our Community Guidelines.

Details: